000 00627cam a22002173a 4500
001 33582
003 PGUSA
005 20140828083727.0
008 100830s2010||||xxu|||||s|||||000 | eng d
040 _aPGUSA
_beng
042 _adc
100 1 _aCarroll, Lewis,
_d1832-1898
245 1 0 _aRhyme? And Reason?
_h[electronic resource] /
_cLewis Carroll
260 _bProject Gutenberg,
_c2010
506 _aPublic domain in the USA.
516 _aElectronic text
700 1 _aFrost, A. B.
_q(Arthur Burdett),
_d1851-1928
830 0 _aProject Gutenberg
_v33582
856 4 0 _uhttp://www.gutenberg.org/ebooks/33582
942 _cEB
999 _c262837
_d262837